• 首页
  • 本馆介绍
  • 公告通知
  • 最新文献
  • 馆藏检索
  • 电子资源
  • 读者导购
  • 参考咨询
  • 我的图书馆
  • 登录
  • 详细信息显示
  • 放入我的书架
  • 预约/预借图书
  • 作者相关作品
  • 分类相关作品
  • 丛书相关作品
  • 出版社相关作品

书目信息

  • 表格格式
  • 工作单格式
  • 卡片格式
题名:
儿童画与幼儿园环境布置
    
 
作者: 徐修余 主编
分册:  
出版信息: 南宁   广西美术出版社  1999
页数: 76页
开本: 26cm
丛书名: 现代幼儿园环境艺术
单 册:
中图分类: G613.6 , G617
科图分类:
主题词: 儿童画--幼儿园--教学参考资料 , 幼儿园--墙--装饰美术
电子资源:
ISBN: 7-80625-628-8
000 00733cam2 2200253 450
001 1560204056
005 20150201085617.17
010    @a7-80625-628-8@dCNY25.00
100    @a20021005d1999 bemy0chiy0110 ea
101 0  @achi
102    @aCN@b450000
105    @aa z 000yy
200 1  @a儿童画与幼儿园环境布置@9er tong hua yu you er yuan huan jing bu zhi@f徐修余主编
210    @a南宁@c广西美术出版社@d1999
215    @a76页@d26cm
225 2  @a现代幼儿园环境艺术
461  0 @12001 @a现代幼儿园环境艺术
606 0  @a儿童画@x幼儿园@x教学参考资料
606 0  @a幼儿园@x墙@x装饰美术
690    @aG613.6@v5
690    @aG617@v5
701  0 @a徐修余@9xu xiu yu@4主编
801  0 @aCN@bTSSF@c20150201
905    @aZUCC@dG613.6@eJY9
    
    儿童画与幼儿园环境布置/徐修余主编.-南宁:广西美术出版社,1999
    76页;26cm.-(现代幼儿园环境艺术)
    
    
    ISBN 7-80625-628-8:CNY25.00
    
●
相关链接 在E读中查询图书 在五车中查询图书 在当当中查询图书 在豆瓣中查询图书


正题名:儿童画与幼儿园环境布置     索取号:G613.6/JY9         预约/预借

序号 登录号 条形码 馆藏地/架位号 状态 备注
1 7846554   278465545   学院路分馆/ [索取号:G613.6/JY9] 在馆    
2 7861129   278611290   学院路分馆/ [索取号:G613.6/JY9] 在馆    
唐山师范学院图书馆 欢迎您!
大连网信软件有限公司© 版权所有